000 00651nam a2200289Ia 4500
005 20260324115021.0
008 008 260324s9999 xx 000 0 eng d
020 _a9780429200281
037 _aEBOOK
040 _aCRL
040 _beng
040 _cCRL
041 _2eng
041 _aeng
084 _qCRL
100 _aAdedeji B. Badiru
_91139254
245 0 _aInnovation
245 2 _bA Systems Approach
260 _bTaylor and Francis
260 _c2020
365 _a
365 _b120
856 _uhttp://www.taylorfrancis.com/books/9780429200281
942 _cEBOOK
999 _c1743599
_d1743599